Score 0/11 Timer 01:00
0 Plays Today
Clue 4-Letter Word % Correct
Long Chinese sightWALL
97.5%
Travel by footWALK
97.2%
Water hole?WELL
94.1%
Crop storage buildingBARN
92%
Call from a dogBARK
91.5%
Planet centerCORE
90.7%
Word in two Springsteen album titlesBORN
87.9%
Vegetable with good hearing?CORN
87.2%
Illegal move in baseballBALK
86.8%
AC/DC song 'Dirty Deeds ___ Dirt Cheap'DONE
62.1%
Quadric surface with equation: x2/a2 + y2/b2 - z2/c2 = 0CONE
60.8%

Today's Daily Dose

Missing Word
I Hardly Know Her!

Word Ladder
Sentence Ending

Quick Pick
Female Firsts

Get the Picture
Triathlon Sports

Remove Ads.
Support Sporcle.
Get the best of Sporcle when you Go Orange. This ad-free experience offers more features, more stats, and more fun while also helping to support Sporcle. Thank you for becoming a member.

You're not logged in!

Compare scores with friends on all Sporcle quizzes.
OR
Log In

Show Comments

Extras

Top Quizzes Today


Score Distribution

Your Account Isn't Verified!

In order to create a playlist on Sporcle, you need to verify the email address you used during registration. Go to your Sporcle Settings to finish the process.

Report this User

Report this user for behavior that violates our Community Guidelines.

Details: